Ortschaften des Kantons Tessin - Statistiken

Allgemein
  • Dieses Quiz wurde 33 mal gespielt
  • Das Durchschnittsergebnis liegt bei 111 aus 310
Antworten auf der Karte
Die Antworten werden auf der Karte rot bzw. grün angezeigt, abhängig davon wie oft sie richtig erraten wurden.
 
Antwortstatistiken
Einwohner Ortschaft % Korrekt
19'209 Bellinzona
100%
13'091 Locarno
100%
25’817 Lugano
100%
1’464 Airolo
89%
5’406 Ascona
83%
6’746 Mendrisio
83%
6’136 Biasca
78%
6’710 Chiasso
78%
926 Maggia
78%
9’083 Giubiasco
67%
4’832 Paradiso
67%
53 Bosco/Gurin
61%
1’619 Brissago
61%
2’947 Cadenazzo
61%
1’228 Faido
61%
6’330 Losone
61%
3’096 Tenero
61%
267 Ambrì
56%
60 Bedretto
56%
337 Brè sopra Lugano
56%
97 Campo (Blenio)
56%
15 Campo (Vallemaggia)
56%
1’866 Castione
56%
350 Piotta
56%
2’700 Sant'Antonino
56%
188 Sant'Antonio (Val Morobbia)
56%
2’744 Stabio
56%
3’326 Arbedo
50%
899 Bodio
50%
452 Cevio
50%
181 Dalpe
50%
510 Intragna
50%
394 Isone
50%
101 Lavertezzo
50%
1’471 Melano
50%
1’783 Melide
50%
107 Monte
50%
684 Orselina
50%
778 Ponte Tresa
50%
20 Rasa
50%
405 Ronco sopra Ascona
50%
2’072 Taverne
50%
1’667 Tesserete
50%
1’018 Torricella
50%
621 Vira (Gambarogno)
50%
4’134 Agno
44%
3’336 Balerna
44%
265 Bignasco
44%
700 Brione sopra Minusio
44%
158 Brione (Verzasca)
44%
2’769 Camorino
44%
3’100 Cugnasco
44%
241 Gandria
44%
795 Giornico
44%
1’625 Lumino
44%
541 Magadino
44%
6’969 Minusio
44%
707 Morcote
44%
2’587 Muralto
44%
821 Olivone
44%
854 Pollegio
44%
1’239 Quartino
44%
326 Quinto
44%
2’656 Riva San Vitale
44%
75 Sonogno
44%
407 Vico Morcote
44%
143 Acquarossa
39%
287 Aquila
39%
480 Aurigeno
39%
1’809 Bioggio
39%
955 Bissone
39%
474 Brusino Arsizio
39%
825 Capolago
39%
4’363 Caslano
39%
386 Cavergno
39%
14 Cimalmotto
39%
3’115 Claro
39%
2’862 Coldrerio
39%
58 Comologno
39%
1’177 Contone
39%
212 Gerra (Gambarogno)
39%
73 Gerra (Verzasca)
39%
4’850 Gordola
39%
36 Indemini
39%
562 Iragna
39%
1’766 Lamone
39%
42 Linescio
39%
181 Loco
39%
1’643 Magliaso
39%
1’338 Manno
39%
720 Maroggia
39%
6’676 Massagno
39%
1’368 Mezzovico
39%
3’013 Monte Carasso
39%
4’419 Morbio Inferiore
39%
706 Morbio Superiore
39%
200 Muggio
39%
295 Neggio
39%
835 Novaggio
39%
1’530 Origlio
39%
1’208 Osogna
39%
137 Prato (Leventina)
39%
101 Prato-Sornico
39%
1’275 Riazzino
39%
244 Rodi-Fiesso
39%
810 Rovio
39%
3’370 Sementina
39%
642 Sessa
39%
630 Sigirino
39%
1’048 Sonvico
39%
36 Spruga
39%
2’045 Vezia
39%
436 Arcegno
33%
918 Arogno
33%
315 Astano
33%
80 Auressio
33%
587 Avegno
33%
1’496 Bedano
33%
59 Berzona
33%
594 Besazio
33%
640 Bironico
33%
139 Bogno
33%
43 Borgnone
33%
5’199 Breganzona
33%
317 Breno
33%
1’580 Cadempino
33%
2’490 Cadro
33%
50 Camedo
33%
2’396 Canobbio
33%
843 Carona
33%
1’037 Castagnola
33%
100 Caviano
33%
753 Cavigliano
33%
38 Cerentino
33%
197 Chiggiogna
33%
119 Coglio
33%
2’183 Comano
33%
44 Crana
33%
790 Cresciano
33%
546 Curio
33%
173 Dangio
33%
1’538 Davesco-Soragno
33%
940 Dino
33%
45 Fusio
33%
1’082 Genestrerio
33%
1’540 Gentilino
33%
241 Giumaglio
33%
330 Golino
33%
983 Gordevio
33%
1’365 Gravesano
33%
863 Gudo
33%
194 Lavorgo
33%
1’777 Ligornetto
33%
235 Lodano
33%
1’418 Lodrino
33%
1’138 Lugaggia
33%
1’348 Malvaglia
33%
203 Mergoscia
33%
306 Meride
33%
450 Moghegno
33%
44 Mosogno
33%
800 Muzzano
33%
2’344 Novazzano
33%
560 Pedrinate
33%
309 Personico
33%
119 Porto Ronco
33%
1’655 Porza
33%
9’242 Pregassona
33%
1’358 Pura
33%
94 Ranzo
33%
2’175 Rivera
33%
72 Russo
33%
344 Sagno
33%
6 San Carlo (Val Bavona)
33%
341 San Nazzaro
33%
2’391 Solduno
33%
145 Someo
33%
857 Tegna
33%
271 Torre
33%
462 Tremona
33%
3’463 Vacallo
33%
57 Vergeletto
33%
631 Vernate
33%
1’113 Verscio
33%
563 Villa Luganese
33%
282 Vogorno
33%
668 Agra
28%
446 Aldesago
28%
71 Anzonico
28%
555 Arosio
28%
1’239 Arzo
28%
540 Barbengo
28%
81 Broglio
28%
58 Brontallo
28%
204 Cabbio
28%
775 Cademario
28%
53 Calonico
28%
50 Calpiogna
28%
37 Campello
28%
353 Caneggio
28%
590 Carabbia
28%
61 Carena
28%
397 Cassina d'Agno
28%
1’573 Castel San Pietro
28%
59 Certara
28%
221 Chironico
28%
110 Cimadera
28%
109 Colla
28%
431 Contra
28%
12 Corippo
28%
402 Corteglia
28%
33 Cozzo
28%
172 Cureggia
28%
1’489 Cureglia
28%
281 Dongio
28%
1’595 Figino
28%
85 Frasco
28%
782 Gnosca
28%
821 Gorduno
28%
455 Grancia
28%
31 Gresso
28%
47 Lottigna
28%
324 Ludiano
28%
85 Maglio di Colla
28%
228 Mairengo
28%
343 Medeglia
28%
89 Menzonio
28%
301 Miglieglia
28%
125 Moleno
28%
34 Moneto
28%
2’563 Montagnola
28%
866 Monteggio
28%
174 Motto (Blenio)
28%
20 Niva (Vallemaggia)
28%
98 Nivo
28%
121 Osco
28%
80 Palagnedra
28%
786 Pambio-Noranco
28%
1’556 Pazzallo
28%
30 Peccia
28%
630 Pianezzo
28%
435 Piazzogna
28%
1’925 Ponte Capriasca
28%
660 Preonzo
28%
284 Prosito
28%
1’560 Rancate
28%
90 Riveo
28%
174 Robasacco
28%
52 Rossura
28%
177 Roveredo
28%
467 Sala Capriasca
28%
495 Salorino
28%
2’269 Savosa
28%
94 Scareglia
28%
295 Seseglio
28%
47 Signôra
28%
82 Sobrio
28%
2’139 Sorengo
28%
614 Vaglio
28%
304 Vairano
28%
32 Verdasio
28%
190 Vezio
28%
6’648 Viganello
28%
525 Agarone
22%
350 Aranno
22%
341 Banco
22%
223 Bedigliora
22%
53 Beride di Bedigliora
22%
472 Bidogno
22%
477 Bigorio
22%
483 Bosco Luganese
22%
184 Bruzella
22%
611 Cagiallo
22%
895 Camignolo
22%
49 Campora
22%
122 Carabietta
22%
35 Carì
22%
70 Casima
22%
389 Castelrotto
22%
83 Castro
22%
62 Cavagnago
22%
428 Cimo
22%
92 Corticiasca
22%
60 Curtina
22%
121 Fescoggia
22%
55 Ghirone
22%
139 Insone
22%
96 Iseo
22%
31 Largario
22%
323 Lopagno
22%
42 Marolta
22%
24 Molare
22%
203 Mugena
22%
555 Odogno
22%
165 Oggio
22%
131 Piandera Paese
22%
154 Prugiasco
22%
62 Pugerna
22%
348 Purasca
22%
904 Ruvigliana
22%
1’740 San Pietro
22%
394 Semione
22%
48 Bombinasco
17%
2 Camperio
17%
503 Corzoneso
17%
152 Leontica
17%
106 Madonna del Piano
17%
83 Piano di Peccia
17%
213 Ponto Valentino
17%
41 Villa Bedretto
17%
Keine übereinstimmenden Quizze gefunden
Verteilung der Resultate
Anzahl Personen mit jedem Resultat
Perzentil nach korrekt beantworteten Fragen
Ihre Resultats-Entwicklung
Sie haben dieses Quiz noch nicht gespielt